7300+SSC general studies / (Record no. 148991)

MARC details
000 -LEADER
fixed length control field 00804nam a22002057a 4500
005 - DATE AND TIME OF LATEST TRANSACTION
control field 20180111164900.0
010 ## - LCCN (DPL NO)
LC control number B-685714
020 ## - INTERNATIONAL STANDARD BOOK NUMBER
International Standard Book Number 9788193332832
Terms of availability 460.00
035 ## - SYSTEM CONTROL NUMBER
System control number B-685714
037 ## - SOURCE OF ACQUISITION
Source of stock number/acquisition PANSY BOOKS(RP)
082 ## - DEWEY DECIMAL CLASSIFICATION NUMBER
Classification number 000
100 ## - MAIN ENTRY--PERSONAL NAME
Personal name Yadav,Rakesh
245 ## - TITLE STATEMENT
Title 7300+SSC general studies /
Statement of responsibility, etc by Rakesh Yadav
260 ## - PUBLICATION, DISTRIBUTION, ETC. (IMPRINT)
Place of publication, distribution, etc Delhi
Name of publisher, distributor, etc Rakesh Yadav Readres Publication
Date of publication, distribution, etc 2017 (rev. ed.)
270 ## - ADDRESS
Address 1425,Outram lane near B.B.M,Depot,GTB Nagar
City Delhi
Postal code 110009
300 ## - PHYSICAL DESCRIPTION
Extent v,1031p.
Dimensions 28cm(pbk)
505 ## - FORMATTED CONTENTS NOTE
Formatted contents note each question with detailed video solution 1999-2017 Chapter wise Question .
942 ## - ADDED ENTRY ELEMENTS (KOHA)
Source of classification or shelving scheme Dewey Decimal Classification
Item type English Books
Classification part 000
Call number suffix SSC
Holdings
Withdrawn status Lost status Not for loan Collection code Home library Current library Date acquired Source of acquisition Cost, normal purchase price Full call number Barcode Copy number Cost, replacement price Koha item type
      Non-fiction Shahdara Branch Shahdara Branch 08/01/2018 RP-Shahdara- Bill No.1709, dated 26.12.2017 460.00 000 SSC B-685714 1 460.00 English Books

© Delhi Public Library
Hit Counter
free hit counter